Recasting ritual: performance, media, identity (Record no. 579445)

MARC details
000 -LEADER
fixed length control field 00831nam a2200253Ia 4500
003 - CONTROL NUMBER IDENTIFIER
control field OSt
005 - DATE AND TIME OF LATEST TRANSACTION
control field 20251127152625.0
008 - FIXED-LENGTH DATA ELEMENTS--GENERAL INFORMATION
fixed length control field 220923b |||||||| |||| 00| 0 eng d
020 ## - INTERNATIONAL STANDARD BOOK NUMBER
International Standard Book Number 0415182794
037 ## - SOURCE OF ACQUISITION
Terms of availability General Book
040 ## - CATALOGING SOURCE
Original cataloging agency RTL
Transcribing agency RTL
Language of cataloging eng
041 ## - LANGUAGE CODE
Source of code eng
Language code of text/sound track or separate title eng
084 ## - COLON CLASSIFICATION NUMBER
Classification number Y:3(Q:4192), N8
Assigning agency RTL
245 #0 - TITLE STATEMENT
Title Recasting ritual: performance, media, identity
Remainder of title
260 ## - PUBLICATION, DISTRIBUTION, ETC.
Place of publication, distribution, etc. London
Name of publisher, distributor, etc. Routledge
Date of publication, distribution, etc. 1998
300 ## - PHYSICAL DESCRIPTION
Extent viii, 168 p.
Other physical details Includes bibliographical references and index.
490 ## - SERIES STATEMENT
Series statement European Association of Social Anthropologists
500 ## - GENERAL NOTE
General note Bibliography chapterwise
650 ## - SUBJECT ADDED ENTRY--TOPICAL TERM
Topical term or geographic name entry element Rituals
9 (RLIN) 289566
700 ## - ADDED ENTRY--PERSONAL NAME
Personal name Hughes-Freeland Flicia
9 (RLIN) 289567
Relator term Editor
700 ## - ADDED ENTRY--PERSONAL NAME
Personal name Crain Mary M.
Relator term Editor
9 (RLIN) 853286
942 ## - ADDED ENTRY ELEMENTS (KOHA)
Classification part Y:3(Q:4192), N8
Koha item type General Books
Source of classification or shelving scheme Colon Classification (CC)
Suppress in OPAC No
Holdings
Withdrawn status Lost status Source of classification or shelving scheme Damaged status Not for loan Home library Current library Date acquired Total Checkouts Full call number Barcode Date last seen Price effective from Koha item type
    Colon Classification (CC)     Ratan Tata Library Ratan Tata Library 2022-09-25   Y:3(Q:4192), N8 RT1136995 2022-09-25 2022-09-25 General Books
Copyright @ Delhi University Library System